| 000 -LEADER |
| fixed length control field |
02613cam a2200445 a 4500 |
| 001 - CONTROL NUMBER |
| control field |
10107580 |
| 005 - DATE AND TIME OF LATEST TRANSACTION |
| control field |
20170105102937.0 |
| 008 - FIXED-LENGTH DATA ELEMENTS--GENERAL INFORMATION |
| fixed length control field |
110607s2011 enka b 001 0 eng d |
| 010 ## - LIBRARY OF CONGRESS CONTROL NUMBER |
| LC control number |
2011389412 |
| 016 7# - NATIONAL BIBLIOGRAPHIC AGENCY CONTROL NUMBER |
| Record control number |
015678820 |
| Source |
Uk |
| 020 ## - INTERNATIONAL STANDARD BOOK NUMBER |
| International Standard Book Number |
9780745649733 |
| 020 ## - INTERNATIONAL STANDARD BOOK NUMBER |
| International Standard Book Number |
0745649734 |
| 020 ## - INTERNATIONAL STANDARD BOOK NUMBER |
| International Standard Book Number |
9780745649740 (pbk.) |
| 020 ## - INTERNATIONAL STANDARD BOOK NUMBER |
| International Standard Book Number |
0745649742 (pbk.) |
| 035 ## - SYSTEM CONTROL NUMBER |
| System control number |
(OCoLC)ocn727676861 |
| 035 ## - SYSTEM CONTROL NUMBER |
| System control number |
(OCoLC)727676861 |
| Canceled/invalid control number |
(OCoLC)669751071 |
| 035 ## - SYSTEM CONTROL NUMBER |
| System control number |
(NNC)10107580 |
| 040 ## - CATALOGING SOURCE |
| Original cataloging agency |
UV0 |
| Language of cataloging |
eng |
| Transcribing agency |
UV0 |
| Modifying agency |
DLC |
| -- |
BTCTA |
| -- |
YDXCP |
| -- |
CDX |
| -- |
BWX |
| -- |
CUD |
| -- |
UKMGB |
| -- |
BDX |
| -- |
OWT |
| 042 ## - AUTHENTICATION CODE |
| Authentication code |
lccopycat |
| 050 00 - LIBRARY OF CONGRESS CALL NUMBER |
| Classification number |
JZ6010 |
| Item number |
.R26 2011 |
| 082 04 - DEWEY DECIMAL CLASSIFICATION NUMBER |
| Classification number |
327.172 |
| Edition number |
22 |
| Author Mark |
RAM 2011 |
| 100 1# - MAIN ENTRY--PERSONAL NAME |
| Personal name |
Ramsbotham, Oliver. |
| 245 10 - TITLE STATEMENT |
| Title |
Contemporary conflict resolution : |
| Remainder of title |
the prevention, management and transformation of deadly conflicts / |
| Statement of responsibility, etc. |
Oliver Ramsbotham, Tom Woodhouse and Hugh Miall. |
| 250 ## - EDITION STATEMENT |
| Edition statement |
3rd ed. |
| 260 ## - PUBLICATION, DISTRIBUTION, ETC. |
| Place of publication, distribution, etc. |
Cambridge, UK ; |
| -- |
Malden, MA : |
| Name of publisher, distributor, etc. |
Polity, |
| Date of publication, distribution, etc. |
2011. |
| 300 ## - PHYSICAL DESCRIPTION |
| Extent |
xxvi, 507 p. : |
| Other physical details |
ill. ; |
| Dimensions |
23 cm. |
| 504 ## - BIBLIOGRAPHY, ETC. NOTE |
| Bibliography, etc. note |
Includes bibliographical references (p. 436-486) and index. |
| 505 0# - FORMATTED CONTENTS NOTE |
| Formatted contents note |
Introduction to conflict resolution : concepts and definitions -- Conflict resolution : origins, foundations and development of the field -- The statistics of deadly quarrels and the measurement of peace -- Understanding contemporary conflict -- Preventing violent conflict -- Containing violent conflict : peacekeeping -- Ending violent conflict : peacemaking -- Postwar reconstruction -- Peacebuilding -- Reconciliation -- Towards cosmopolitan conflict resolution -- Environmental conflict resolution -- Gender and conflict resolution -- Conflict resolution and the ethics of intervention -- Culture, religion and conflict resolution -- Conflict resolution in art and popular culture -- Conflict resolution, the media and the communications revolution -- Managing linguistic intractability : dialogue, discourse and radical disagreement -- Conflict resolution : theories and critiques -- Conflict resolution and the future. |
| 650 #0 - SUBJECT ADDED ENTRY--TOPICAL TERM |
| Topical term or geographic name entry element |
Pacific settlement of international disputes. |
| 650 #0 - SUBJECT ADDED ENTRY--TOPICAL TERM |
| Topical term or geographic name entry element |
Conflict management. |
| 700 1# - ADDED ENTRY--PERSONAL NAME |
| Personal name |
Miall, Hugh. |
| 700 1# - ADDED ENTRY--PERSONAL NAME |
| Personal name |
Woodhouse, Tom. |
| 856 42 - ELECTRONIC LOCATION AND ACCESS |
| Materials specified |
Contributor biographical information |
| Uniform Resource Identifier |
<a href="http://catdir.loc.gov/catdir/enhancements/fy1112/2011389412-b.html">http://catdir.loc.gov/catdir/enhancements/fy1112/2011389412-b.html</a> |
| 856 42 - ELECTRONIC LOCATION AND ACCESS |
| Materials specified |
Publisher description |
| Uniform Resource Identifier |
<a href="http://catdir.loc.gov/catdir/enhancements/fy1112/2011389412-d.html">http://catdir.loc.gov/catdir/enhancements/fy1112/2011389412-d.html</a> |
| 856 41 - ELECTRONIC LOCATION AND ACCESS |
| Materials specified |
Table of contents only |
| Uniform Resource Identifier |
<a href="http://catdir.loc.gov/catdir/enhancements/fy1112/2011389412-t.html">http://catdir.loc.gov/catdir/enhancements/fy1112/2011389412-t.html</a> |
| 942 ## - ADDED ENTRY ELEMENTS (KOHA) |
| Source of classification or shelving scheme |
|
| Koha item type |
Book |
| 948 1# - LOCAL PROCESSING INFORMATION (OCLC); SERIES PART DESIGNATOR (RLIN) |
| Series part designator, SPT (RLIN) |
20121228 |
| b (OCLC) |
c |
| c (OCLC) |
mw18 |
| d (OCLC) |
MPS |
| 948 2# - LOCAL PROCESSING INFORMATION (OCLC); SERIES PART DESIGNATOR (RLIN) |
| Series part designator, SPT (RLIN) |
20121228 |
| b (OCLC) |
a |
| c (OCLC) |
mw18 |
| d (OCLC) |
MPS |